Zero trust security : an enterprise guide (Record no. 296510)

MARC details
000 -LEADER
fixed length control field 00438nam a2200157Ia 4500
008 - FIXED-LENGTH DATA ELEMENTS--GENERAL INFORMATION
fixed length control field 240404s9999 xx 000 0 und d
020 ## - INTERNATIONAL STANDARD BOOK NUMBER
International Standard Book Number 9781484278840
041 ## - LANGUAGE CODE
Language code of text/sound track or separate title English
082 ## - DEWEY DECIMAL CLASSIFICATION NUMBER
Classification number 005.8  GAR;1  R
100 ## - MAIN ENTRY--PERSONAL NAME
Personal name Garbis, Jason. Chapman, Jerry W.
245 #0 - TITLE STATEMENT
Title Zero trust security : an enterprise guide
260 ## - PUBLICATION, DISTRIBUTION, ETC.
Date of publication, distribution, etc. 2021
Name of publisher, distributor, etc. Apress Media
Place of publication, distribution, etc. New York
300 ## - PHYSICAL DESCRIPTION
Extent xxiii, 300
650 ## - SUBJECT ADDED ENTRY--TOPICAL TERM
Topical term or geographic name entry element Java,compatible,java,5,6
942 ## - ADDED ENTRY ELEMENTS (KOHA)
Koha item type Reference Books

No items available.

© For any Suggestions or Query, please contact the library staff @ librarian@pes.edu or Phone: +9180 2672 1983/ 2108.